000 00400nam a2200169Ia 4500
005 20250423101240.0
008 250422s9999 xx 000 0 und d
020 _a978- 0- 7575- 4640- 2
050 _aT 385 .W539/
100 _aMathew M. Whiteacre
245 4 _aThe essentials of autocad
250 _a3rd ed.
260 _bHunt publishing
260 _c2005
300 _a119 p
942 _cBK
999 _c35740
_d35740